Lege den Buchstaben zurück in die Hauptstadt - Statistiken

Allgemein
  • Dieses Quiz wurde 213 mal gespielt
  • Das Durchschnittsergebnis liegt bei 14 aus 26
Antwortstatistiken
Hint Explanation Antwort % Korrekt
Soul Seoul E
76%
Luemburg Luxemburg X
75%
Reykavík Reykjavík J
71%
Andorra la Ella Andorra la Vella V
70%
Hano Hanoi I
69%
Ern Bern B
65%
Ulaabaatar Ulaanbaatar N
65%
Soia Sofia F
64%
Pjöngang Pjöngjang J
63%
Ljubjana Ljubljana L
61%
Pogorica Podgorica D
60%
Uito Quito Q
59%
Iga Riga R
59%
Mogadisch Mogadischu U
58%
La Pa La Paz Z
58%
Addis Abba Addis Abeba E
56%
Port Moreby Port Moresby S
56%
Phnom Pen Phnom Penh H
54%
Khartu Khartum M
52%
Windhk Windhuk U
50%
Aman Amman M
45%
Kamala Kampala P
42%
Sure Sucre C
41%
South Taraa South Tarawa W
25%
Aren Yaren Y
22%
Sri Jayawardenepura Kote Sri Jayawardenepura Kotte T
20%
Keine übereinstimmenden Quizze gefunden
Verteilung der Resultate
Anzahl Personen mit jedem Resultat
Perzentil nach korrekt beantworteten Fragen
Ihre Resultats-Entwicklung
Sie haben dieses Quiz noch nicht gespielt